000 00404nam a22001697a 4500
003 OSt
005 20220221145323.0
008 220221b |||||||| |||| 00| 0 eng d
020 _a0931268109
040 _cHU
082 _a658.8
100 _aDEvelopments inMarket
_931044
245 _aDevelopments in Marketing Science
260 _aAmerica
_blondon
_c1988
300 _a532
942 _2ddc
_cBOOKS
_n0
999 _c31057
_d31057